Agenda /

Bibliographic Details
Previous Title:Agenda (National Council of La Raza)
Uniform Title:Agenda (National Council of La Raza : 1990)
Corporate Author: National Council of La Raza
Format: Microform Journal
Language:English
Published: Washington, D.C. : National Council of La Raza
Series:Chicano serials collection ; Sec. 13, roll 30.
Subjects:

MARC

Tag First Indicator Second Indicator Subfields
LEADER 00000cas a2200000Ia 4500
001 in00003603539
005 20170928110200.0
007 hd afb---bacp
008 070226u1989uuuucauqr p a 0 0eng
010 |a  2007209752 
029 1 |a AU@  |b 000041318470 
035 |a (OCoLC)ocm85257808 
040 |a DLC  |b eng  |c DLC  |d DLC  |d OCLCQ  |d OCLCF  |d OCLCO  |d TXA  |d UtOrBLW 
042 |a lccopycat 
043 |a n-us--- 
049 |a TXAM 
050 0 0 |a Newspaper 
050 1 4 |a E184.M5  |b C4535 Sec. 13, roll 30 
130 0 |a Agenda (National Council of La Raza : 1990) 
245 1 0 |a Agenda /  |c NCRL, National Council of La Raza. 
246 1 3 |a NCRL agenda 
264 1 |a Washington, D.C. :  |b National Council of La Raza 
300 |a volumes :  |b illustrations 
310 |a Quarterly 
336 |a text  |b txt  |2 rdacontent 
337 |a microform  |b h  |2 rdamedia 
338 |a microfilm reel  |b hd  |2 rdacarrier 
362 1 |a Began with: Vol. 8, no. 1 (Jan. 1989). 
515 |a None published 1982-1988 resumed publication with Vol. 8, no. 1 (Jan. 1989). 
525 |a Special issues accompany some numbers. 
588 |a Description based on: Vol. 9, no. 2 (1990, 2nd qtr.); title from caption. 
588 |a Latest issue consulted: Vol. 14, no. 1 (summer 1998). 
533 |a Microfilm.  |b Sunnyvale, Calif. :  |c Filmed by Library Microfilms, a Division of Bay Microfilm, Inc. and distributed [in conjunction with the Chicano Studies Collections, University of California, Berkeley].  |e 1 microfilm reel ; 35 mm.  |f ([Chicano serials collection] ; Sec. 13, roll 30).  |n Filmed with previous titles. 
500 |a Microform. 
650 0 |a Hispanic Americans  |v Periodicals.  |0 http://id.loc.gov/authorities/subjects/sh2008105645 
650 7 |a Hispanic Americans.  |2 fast  |0 (OCoLC)fst00957523 
655 7 |a Periodicals.  |2 fast  |0 (OCoLC)fst01411641 
710 2 |a National Council of La Raza.  |0 http://id.loc.gov/authorities/names/n81140163 
776 1 |c Original  |w (OCoLC)25801261 
780 0 0 |t Agenda (National Council of La Raza)  |w (DLC)sn 85021630  |w (OCoLC)7860903 
830 0 |a Chicano serials collection ;  |v Sec. 13, roll 30.  |0 http://id.loc.gov/authorities/names/no2003067927 
850 |a DLC 
994 |a C0  |b TXA 
948 |a cataloged  |b h  |c 2015/12/17  |d c  |e coplinger  |f 1:24:34 pm 
999 f f |s 39780e82-69a4-37bb-bb3f-610f1a48ce5b  |i 1ca2568b-37cb-3836-9b9f-822d978639e4  |t 0 
952 f f |a Texas A&M University  |b College Station  |c Sterling C. Evans Library  |d Evans: Microforms Film (3rd floor)  |t 0  |e E184.M5 C4535 Sec. 13, roll 30  |h Library of Congress classification 
998 f f |a E184.M5 C4535 Sec. 13, roll 30  |s v.12:no.1-2 (1994:Winter-Summer)  |t 0  |l Evans: Microforms Film (3rd floor)